[Event "Quebec-ch Intercoll"]
[Site "Joliette"]
[Date "1993.04.10"]
[Round "4"]
[White "Gozzi, Carlo"]
[Black "Filiatreault, Marc"]
[Result "1/2-1/2"]
[WhiteElo "1662"]
[BlackElo "1577"]
[PlyCount "59"]
[EventDate "1993.04.09"]
[EventType "swiss"]
[EventRounds "6"]
[EventCountry "CAN"]
[SourceTitle "EXT 2022"]
[Source "ChessBase"]
[SourceDate "2021.10.06"]
[SourceVersion "1"]
[SourceVersionDate "2021.10.06"]
[SourceQuality "1"]

1. e4 c5 2. Nf3 Nc6 3. d4 cxd4 4. Nxd4 e5 5. Nb5 a6 6. Nd6+ Bxd6 7. Qxd6 Qf6 8. Qxf6 Nxf6 9. Nc3 Nb4 10. Bd3 h6 11. 0-0 0-0 12. Be3 Nxd3 13. cxd3 d6 14. f3 d5 15. Nxd5 Nxd5 16. exd5 Rd8 17. Rfd1 Rxd5 18. d4 Bf5 19. dxe5 Rxe5 20. Re1 Rae8 21. Bf2 Re2 22. Rxe2 Rxe2 23. Bd4 Be6 24. a3 Rc2 25. Bc3 Kf8 26. Rd1 f6 27. Rd8+ Kf7 28. Rd2 Rxd2 29. Bxd2 Bb3 30. Kf2 1/2-1/2

[Event "Quebec-ch Intercoll"]
[Site "Montreal"]
[Date "1992.04.17"]
[Round "1"]
[White "Gozzi, Carlo"]
[Black "Charest, Johanne"]
[Result "1/2-1/2"]
[WhiteElo "1462"]
[BlackElo "1846"]
[PlyCount "91"]
[EventDate "1992.04.17"]
[EventType "swiss"]
[EventRounds "6"]
[EventCountry "CAN"]
[SourceTitle "EXT 2022"]
[Source "ChessBase"]
[SourceDate "2021.10.06"]
[SourceVersion "1"]
[SourceVersionDate "2021.10.06"]
[SourceQuality "1"]

1. e4 e5 2. Nf3 Nc6 3. Bb5 a6 4. Bxc6 dxc6 5. 0-0 Bg4 6. h3 h5 7. d3 Qf6 8. Be3 Bxf3 9. Qxf3 Qxf3 10. gxf3 Bd6 11. Nd2 Ne7 12. Nc4 f6 13. Rad1 Ng6 14. Kh2 b5 15. Nxd6+ cxd6 16. d4 Nf4 17. dxe5 dxe5 18. Bxf4 exf4 19. Rd6 Rc8 20. Rfd1 0-0 21. Rd7 Rf7 22. Rxf7 Kxf7 23. Rd7+ Kg6 24. Ra7 a5 25. Rxa5 Rd8 26. c4 bxc4 27. Rc5 Rd2 28. Kg2 Rxb2 29. Rxc4 Rxa2 30. Rxc6 Ra5 31. Rd6 Re5 32. Rd1 Kg5 33. Rd7 g6 34. Rd6 f5 35. exf5 Rxf5 36. h4+ Kh6 37. Kh3 Kg7 38. Re6 Rf6 39. Rxf6 Kxf6 40. Kg2 Ke5 41. Kf1 Kd4 42. Ke2 Kc3 43. Ke1 Kd3 44. Kd1 Kc3 45. Ke1 Kd3 46. Kd1 1/2-1/2